5HLuxD.jpg

KING HENRY VIII SENIOR AND PRIMARY SCHOOL LIBRARY OPAC

100 women who made history : (Record no. 426)

000 -LEADER
fixed length control field 01534pam a2200433 i 4500
001 - CONTROL NUMBER
control field 020773594
003 - CONTROL NUMBER IDENTIFIER
control field UkOxU
005 - DATE AND TIME OF LATEST TRANSACTION
control field 20190814114904.0
008 - FIXED-LENGTH DATA ELEMENTS--GENERAL INFORMATION
fixed length control field 161003s2017 enkab j 001|0ceng|d
015 ## - NATIONAL BIBLIOGRAPHY NUMBER
National bibliography number GBB6J7134
Source bnb
016 7# - NATIONAL BIBLIOGRAPHIC AGENCY CONTROL NUMBER
Record control number 018130942
Source Uk
020 ## - INTERNATIONAL STANDARD BOOK NUMBER
International Standard Book Number 9780241257241 (hbk.) :
035 ## - SYSTEM CONTROL NUMBER
System control number (Uk)018130942
040 ## - CATALOGING SOURCE
Original cataloging agency StDuBDS
Language of cataloging eng
Description conventions rda
Transcribing agency StDuBDS
Modifying agency Uk
042 ## - AUTHENTICATION CODE
Authentication code ukblcatcopy
082 04 - DEWEY DECIMAL CLASSIFICATION NUMBER
Classification number 920 CAL
Edition number 23
100 1# - MAIN ENTRY--PERSONAL NAME
Personal name Caldwell, S. A.
Fuller form of name (Stella A.),
Relator term author.
245 10 - TITLE STATEMENT
Title 100 women who made history :
Remainder of title remarkable women who shaped our world /
Statement of responsibility, etc. written by Stella Caldwell, Clare Hibbert, Andrea Mills, and Rona Skene.
246 3# - VARYING FORM OF TITLE
Title proper/short title One hundred women who made history
246 3# - VARYING FORM OF TITLE
Title proper/short title Hundred women who made history
264 #1 - PRODUCTION, PUBLICATION, DISTRIBUTION, MANUFACTURE, AND COPYRIGHT NOTICE
Place of production, publication, distribution, manufacture London :
Name of producer, publisher, distributor, manufacturer Dorling Kindersley Limited,
Date of production, publication, distribution, manufacture, or copyright notice 2017.
300 ## - PHYSICAL DESCRIPTION
Extent 128 pages :
Other physical details illustrations (black and white, and colour), maps (colour) ;
Dimensions 28 cm
336 ## - CONTENT TYPE
Content type term text
Source rdacontent
336 ## - CONTENT TYPE
Content type term still image
Source rdacontent
336 ## - CONTENT TYPE
Content type term cartographic image
Source rdacontent
337 ## - MEDIA TYPE
Media type term unmediated
Source rdamedia
338 ## - CARRIER TYPE
Carrier type term volume
Source rdacarrier
500 ## - GENERAL NOTE
General note Includes index.
500 ## - GENERAL NOTE
General note Formerly CIP.
Institution to which field applies Uk
650 #0 - SUBJECT ADDED ENTRY--TOPICAL TERM
Topical term or geographic name entry element Women
General subdivision History
Form subdivision Juvenile literature.
650 #0 - SUBJECT ADDED ENTRY--TOPICAL TERM
Topical term or geographic name entry element Women
Form subdivision Biography
-- Juvenile literature.
650 #0 - SUBJECT ADDED ENTRY--TOPICAL TERM
Topical term or geographic name entry element World history
Form subdivision Juvenile literature.
700 1# - ADDED ENTRY--PERSONAL NAME
Personal name Hibbert, Clare,
Dates associated with a name 1970-
Relator term author.
700 1# - ADDED ENTRY--PERSONAL NAME
Personal name Mills, Andrea,
Relator term author.
700 1# - ADDED ENTRY--PERSONAL NAME
Personal name Skene, Rona,
Relator term author.
700 1# - ADDED ENTRY--PERSONAL NAME
Personal name Parker, Philip
Relator term Consultant
942 ## - ADDED ENTRY ELEMENTS (KOHA)
Source of classification or shelving scheme
Koha item type Books - Non Ficton
Holdings
Withdrawn status Lost status Source of classification or shelving scheme Damaged status Not for loan Collection code Permanent Location Current Location Shelving location Date acquired Total Checkouts Full call number Barcode Date last seen Date last checked out Price effective from Koha item type
          Non-Fiction KH8 Senior School Library KH8 Senior School Library Non Fiction 2019-08-14 1 920 CAL 3KHSL000100002 2020-02-11 2020-01-31 2019-08-14 Books - Non Ficton

Powered By KH8 IT Dept